Statystyki dla Nazwij polskie miasto A-Ż

Kliknij tutaj aby rozwiązać quiz!

Ogólne statystyki

  • Ten quiz został rozwiązany 3 303 razy
  • Średni wynik to 13 z 18

Statystyki odpowiedzi

ListMiasta% Poprawnych
BBiałystok | Bielsko-Biała | Bydgoszcz | Bytom
92%
KKalisz | Krakow | Kielce |
Konin | Koszalin | Kraków
91%
WWałbrzych | Warszawa | Włocławek | Wroclaw
91%
GGdańsk | Gdynia | Gliwice |
Gorzów Wielkopolski | Grudziądz
88%
OOlsztyn | Opole
83%
PPiotrków Trybunalski | Płock | Poznań
80%
RRadom | Ruda Śląska |
Rybnik | Rzeszów
80%
TTarnów | Toruń | Tychy
80%
LLegnica | Lubin | Lublin
77%
SSiedlce | Słupsk | Sosnowiec | Szczecin
77%
EElbląg
75%
ŁŁódź
75%
CChorzów | Częstochowa
73%
ZZabrze | Zielona Góra
66%
IInowrocław
55%
JJastrzębie Zdrój | Jaworzno | Jelenia Góra
54%
DDąbrowa Górnicza
46%
NNowy Sącz
36%

Rozkład punktacji

Percentyl według liczby udzielonych odpowiedzi

Procent ludzi z każdym wynikiem

Twoja historia wyników

Nie rozwiązałeś tego quizu